| 000 | 00617nam a2200229Ia 4500 | ||
|---|---|---|---|
| 005 | 20241129104303.0 | ||
| 008 | 241129s9999||||xx |||||||||||||| ||und|| | ||
| 020 | _a9781803926094 | ||
| 037 | _aTextual | ||
| 040 |
_aRTL _beng _cRTL |
||
| 041 |
_aeng _2eng |
||
| 084 |
_aU6.1 R3 _qRTL |
||
| 100 |
_aGopinath C. _9339029 |
||
| 245 | 0 |
_aGlobalization: A multi-dimensional system _cGopinath C. |
|
| 250 | _a4th | ||
| 260 |
_aCheltenham _bEdward Elgar _c2023 |
||
| 300 | _aviii 255p. | ||
| 365 |
_aINR _bRs.3705.00 |
||
| 650 | _aGlobalization | ||
| 942 |
_cTB _hU6.1 R3 |
||
| 999 |
_c1225230 _d1225230 |
||